000 00798nam a2200229 i 4500
001 86549
003 ES-MaACL
005 20250721062612.0
007 t|
008 041213s1945 mx ||||1| spa d
100 1 _aKeynes, John Maynard (
_d1883-1946)
_967979
245 1 0 _aTeoría general de la ocupación, el interés y el dinero /
_cJohn Maynard Keynes ; versión española de Eduardo Hornedo.
250 _a[2ª ed.].
260 _aMéxico :
_bFondo de Cultura Económica,
_c[1945] (
_fGráfica Panamericana)
300 _a379 p. ;
_c22 cm.
490 1 _aSección de obras de economía
650 0 7 _aEconomía
_2embne
_912006
700 1 _aHornedo, Eduardo.
_964220
830 0 _aSección de obras de economía
_9179924
852 _aES-MaACL
_jB-2241
_bR.27305
999 _c86549
_d86549